| 000 | 00855nab a2200253 u 4500 | ||
|---|---|---|---|
| 001 | 19486 | ||
| 003 | HDC | ||
| 007 | cr bn ---aaaaa | ||
| 008 | 210301c |r|noo 0 a d | ||
| 040 | _aHDC | ||
| 100 |
_aN. Cademia, Gliceria, _eauthor _917928 |
||
| 245 | 0 |
_aDTI PUSHES FOR GLOBAL MARKETING OF PHL BRANDS / _cby Gliceria N. Cademia |
|
| 260 |
_a[No place] : _b[publisher not identified], _c2016 |
||
| 336 |
_atext _2rdacontent |
||
| 337 |
_acomputer _2rdamedia |
||
| 338 |
_aonline resource _2rdacarrier |
||
| 650 |
_aBusiness _9207 |
||
| 650 |
_aGlobal marketing _97669 |
||
| 710 | _aBUSINESS MIRROR | ||
| 856 | _zRequest full-text at [email protected] | ||
| 942 | _2lcc | ||
| 942 | _cNEWS | ||
| 942 | _kNWSO 009723 | ||
| 999 |
_c16802 _d16802 |
||